| 000 | 00365nam a2200145Ia 4500 | ||
|---|---|---|---|
| 008 | 230312s9999||||xx |||||||||||||| ||und|| | ||
| 020 | _a1305674251 | ||
| 082 |
_a005.43 _bFLY-U |
||
| 100 | _aMcFedries,Paul | ||
| 245 | 0 | _aTeach Yourself Visually Windows 10 | |
| 260 |
_bCengage Learning _aUSA _c2018 |
||
| 300 | _a588 | ||
| 650 |
_aComputer _vComputer |
||
| 942 | _cBK | ||
| 999 |
_c15866 _d15866 |
||